000 00685nam a2200217Ii 4500
003 JO-AjNU
008 230605s9999||||xx |||||||||||||| ||und||
017 _a1985/267
040 _aJO-AjNU
_bara
_erda
_cJO-AjNU
041 _aara
050 1 4 _aPJ7804.M35.T3 1984
100 3 _aتأليف مصطفى، عبد المنعم,
_eauthor
_939142
245 0 0 _aتطور الزمن
250 _aط1
264 3 1 _aبغداد:المكتبة العالمية،1984
300 _a102ص
336 _atext
_btxt
_2rdacontent
337 _aunmediated
_bn
_2rdamedia
338 _avolume
_bnc
_2rdacarrier
650 4 _aالعراق - التطور - المشاكل الإجتماعية
_939143
999 _aA16506
_c20074
_d20074